000 01361cam a22003374a 4500
001 13337206
003 ARRUPE
005 20211007091436.0
008 030909s2004 enka b 001 0 eng
010 _a 2003061010
020 _a0195153065 (hbk. : alk. paper)
020 _a0195153073 (pbk. : alk. paper)
040 _aDLC
_cDLC
_dDLC
042 _apcc
050 0 0 _aB2779
_b.D53 2004
082 0 0 _a121
_222
100 1 _aDicker, Georges,
_d1942-
_950305
245 1 0 _aKant's theory of knowledge :
_ban analytical introduction /
_cGeorges Dicker.
260 _aOxford ;
_aNew York :
_bOxford University Press,
_cc2004.
300 _axv, 262 p. :
_bill. ;
_c24 cm.
504 _aIncludes bibliographical references (p. 245-247) and index.
600 1 0 _aKant, Immanuel,
_d1724-1804.
_tKritik der reinen Vernunft.
650 0 _aKnowledge, Theory of.
650 0 _aCausation.
650 0 _aReason.
856 4 2 _3Publisher description
_uhttp://www.loc.gov/catdir/enhancements/fy0615/2003061010-d.html
856 4 2 _3Contributor biographical information
_uhttp://www.loc.gov/catdir/enhancements/fy0725/2003061010-b.html
906 _a7
_bcbc
_corignew
_d1
_eocip
_f20
_gy-gencatlg
942 _2lcc
_cMONOGRAPH
999 _c130694
_d130694